000 01482cam a22003617a 4500
003 CHAP
005 20241029062658.0
008 020226d2001 mx d r 00110 spa d
010 _a85395
011 _a86367
035 _a96905
040 _cCHAP
090 _aTesis
100 1 0 _aMuñoz Rodríguez, Manrrubio
_979670
245 1 0 _aMercados e instituciones financieras rurales:
_bhacia una nueva arquitectura financiera rural para México
_c/por Manrrubio Muñoz Rodríguez
260 _aChapingo, Méx. :
_bEl autor,
_c2001.
300 _a322 h. :
_bgráfs. ; cuadros ; diagrama
502 _aTesis ( Dr. en Problemas Económico Agroindustriales) -- UACH. Centro de Investigaciones Económicas, Sociales y Tecnológicas de la Agroindustria y la Agricultura Mundial
590 _aALEPH
_b10
_c20130110
590 _aBATCH-UPD
_b10
_c20130110
590 _aBATCH-UPD
_b10
_c20130410
590 _aBATCH-UPD
_b10
_c20130914
590 _aCONVERSION
_b10
_c20130109
650 1 4 _aAgricultura
_xAspectos economicos
_zMexico.
_91312
650 1 4 _aAgricultura
_xFinanzas
_xMexico.
_91493
650 1 4 _aCrédito agrícola
_zMéxico.
_929089
856 _uhttp://10.13.5.2/tesis/MUÑOZ RODRÍGUEZ MANRRUBIO.pdf
_yDescargar
_zTesis en formato PDF
901 _aBK
905 _aMarco A. Mendoza T.
942 _cFOLL
_2ddc
949 _aTesis
_bBC
_cTES
_d33724000860896
_eTS2
_fc.2
_gDonaciØn
_h39326
_i96905
_sb
949 _aTesis
_bBC
_cTES
_d969051
_eTS1
_gDonaciØn
_h39325
_i96905
_sb
999 _c85395
_d85395